000 00656nam a2200217 4500
003 OSt
005 20240723031340.0
006 a
008 240723b |||||||| |||| 00| 0 eng d
020 _a9710489268
040 _aDWCL-Main lib.
_cOC
082 _22008 edition
_aFil. 657.42 G934c 2008
100 _aGuererro, Pedro P.
245 _aCost accounting: principles and procedural applications volume 2 /
250 _a2008 edition
260 _aManila :
_bGIC Enterprises & Co., Inc.,
_cc2008.
300 _avii,
_b298 p.:
_c23 cm.
650 _a1. Cost accounting.
650 _a2. Accounting.
942 _2ddc
_n0
_cBK - FIL
_e2008 edition
_kFil.
999 _c2585
_d2585